| 000 | 00839nam a22002657a 4500 | ||
|---|---|---|---|
| 001 | 5700 | ||
| 003 | FISKH | ||
| 005 | 20251031110226.0 | ||
| 008 | 250114b cb ||||| |||| 00| 0 eng d | ||
| 020 | _a9780545483940 | ||
| 040 |
_aFISKH _beng _cFISKH _dFISKH |
||
| 050 | _aPZ7 | ||
| 082 | _a331.702 | ||
| 100 | _aBardaus, Anna W. | ||
| 245 |
_aWhen we grow up / _cBy Anna W. Bardaus ; Illustrated by Bob Barner |
||
| 260 |
_aNew York : _bScholastic, _c2012 |
||
| 300 |
_a14 unnumbered pages : _bcolor illustrations ; _c21 cm |
||
| 505 | _aI | ||
| 520 | _aThese emergent readers introduce the youngest readers to school and build understanding and excitement for what lies ahead! | ||
| 521 | 8 |
_a450
_bLexile AD |
|
| 521 | 8 |
_aI
_bRaz-Plus |
|
| 650 |
_aCommunity Helpers _vCareer |
||
| 942 |
_2ddc _cBK _n0 |
||
| 999 |
_c5700 _d5700 |
||